| 000 | 00731nam a2200193 i 4500 | ||
|---|---|---|---|
| 001 | 149746 | ||
| 003 | ES-MaACL | ||
| 005 | 20230906203235.0 | ||
| 007 | t| | ||
| 008 | 071024s1963 sp ||||1| spa d | ||
| 100 | 1 |
_aValtanás, Domingo de. _9112989 |
|
| 245 | 1 | 0 |
_aApología sobre ciertas materias morales en que hay opinión; y Apología de la comunión frecuente / _cDomingo de Valtanás ; estudio preliminar y edición de Alvaro Huerga y Pedro Sáinz Rodríguez. |
| 260 |
_aBarcelona : _bFlors, _c1963. |
||
| 300 |
_a215 p. ; _c18 cm. |
||
| 700 | 1 |
_aHuerga, Álvaro ( _d1923-2018) _9140640 |
|
| 700 | 1 |
_aSainz Rodríguez, Pedro, _d1898-1986 _9101608 |
|
| 852 |
_aES-MaACL _jB-12290 _bR.52248 |
||
| 999 |
_c149746 _d149746 |
||